Wird geladen...

Premsagar/

Bibliographische Detailangaben
1. Verfasser: Brajrathan Das
Format: Printed Book
Veröffentlicht: Kashi: Nagariprajarani Sabha,
LEADER 00332 a2200109 4500
100 |a Brajrathan Das 
245 |a Premsagar/  |c Brajrathan Das 
260 |a Kashi:  |b Nagariprajarani Sabha, 
300 |a 424p. 
942 |2 ddc  |c BK 
999 |c 239587  |d 239587 
952 |0 0  |1 0  |4 0  |7 0  |9 265984  |a HIN  |b HIN  |c S-6  |d 2011-09-05  |i 2969  |l 0  |p HIN2969  |r 2011-09-05  |w 2014-02-07  |y BK